Úspěch se v Čechách neodpouští rozhovory s úspěšnými manažery

Uložené v:
Podrobná bibliografia
Hlavný autor: Hůla, Jan
Médium: Kniha
Jazyk:Czech
Vydavateľské údaje: Praha Grada Publishing 1996
Predmet:
Tagy: Pridať tag
Žiadne tagy, Buďte prvý, kto otaguje tento záznam!

MARC

LEADER 00000nam a2200000 4500
001 c141596
005 20221123124552.8
020 |a 80-7169-262-X 
041 0 |a cze 
044 |a CZ 
245 1 0 |a Úspěch se v Čechách neodpouští  |b rozhovory s úspěšnými manažery  |c Jan Hůla 
264 1 |a Praha  |b Grada Publishing  |c 1996 
300 |a 181 s. 
610 2 0 |a manažéri 
610 2 0 |a úspech pracovný 
610 2 0 |a schopnosti pracovné 
610 2 0 |a štýl životný 
610 2 0 |a osobnosť 
610 2 0 |a Česko 
100 1 |a Hůla, Jan